[Event "35th Zalakaros Open 2016"]
[Site "Zalakaros HUN"]
[Date "2016.05.29"]
[Round "3.42"]
[White "Sundararajan, Kidambi"]
[Black "Spalir, Jernej"]
[Result "1-0"]
[WhiteTitle "GM"]
[BlackTitle "FM"]
[WhiteElo "2469"]
[BlackElo "2330"]
[WhiteFideId "5005370"]
[BlackFideId "14606518"]
[EventDate "2016.05.27"]

1. d4 d5 2. Bf4 Nf6 3. e3 e6 4. Bd3 c5 5. c3 Nc6 6. Nd2 Bd6 7. Bxd6 Qxd6 8. f4
b6 9. Ngf3 Ng4 10. Ne5 Ngxe5 11. fxe5 Qe7 12. O-O Bb7 13. Qh5 g6 14. Qh6 Qf8 15.
Qh4 Qg7 16. e4 O-O 17. exd5 exd5 18. Rf6 cxd4 19. cxd4 Nb4 20. Bb5 Rac8 21. Raf1
Bc6 22. Bxc6 Nxc6 23. Nb1 Ne7 24. Nc3 Nf5 25. Qf2 h5 26. Nxd5 Rcd8 27. Rxf5 gxf5
28. Nf6+ Kh8 29. Qe3 Qg6 30. Rxf5 Rxd4 31. Rxh5+ Kg7 32. Qxd4 1-0

[Event "35th Zalakaros Open 2016"]
[Site "Zalakaros HUN"]
[Date "2016.05.29"]
[Round "3.43"]
[White "Konopka, Michal"]
[Black "Szabo, Attila1"]
[Result "0-1"]
[WhiteTitle "IM"]
[BlackTitle "FM"]
[WhiteElo "2418"]
[BlackElo "2315"]
[WhiteFideId "308633"]
[BlackFideId "1206532"]
[EventDate "2016.05.27"]

1. Nf3 c5 2. c4 Nc6 3. Nc3 g6 4. e3 Bg7 5. d4 cxd4 6. exd4 d6 7. d5 Nb8 8. h3
Nf6 9. Be2 O-O 10. O-O Na6 11. Be3 Nc5 12. Rc1 a5 13. Re1 Re8 14. Bf1 Bd7 15.
Nd4 a4 16. Ndb5 Qa5 17. Bd4 Bxb5 18. Nxb5 Nh5 19. Rc3 Bxd4 20. Qxd4 Ng7 21. g4
e5 22. dxe6 Rxe6 23. Rxe6 Ngxe6 24. Qe3 Rd8 25. Bg2 Rd7 26. Rc2 Qd8 27. Rd2 Nc7
28. Nc3 Qf6 29. Nxa4 Nxa4 30. Qa7 Nc5 31. Qb6 Qf4 32. Rc2 Re7 0-1

[Event "35th Zalakaros Open 2016"]
[Site "Zalakaros HUN"]
[Date "2016.05.29"]
[Round "3.44"]
[White "Tate, Alan"]
[Black "Tompa, Janos"]
[Result "1-0"]
[WhiteTitle "FM"]
[BlackTitle "IM"]
[WhiteElo "2307"]
[BlackElo "2384"]
[WhiteFideId "2401878"]
[BlackFideId "700193"]
[EventDate "2016.05.27"]

1. e4 c5 2. Nf3 e6 3. d4 cxd4 4. Nxd4 Nc6 5. Nc3 d6 6. g4 a6 7. Be3 Nf6 8. g5
Nxd4 9. gxf6 Nc6 10. fxg7 Bxg7 11. Qd2 Qa5 12. Rg1 Bf6 13. O-O-O Be7 14. f4 Bd7
15. Qf2 O-O-O 16. Be2 Kc7 17. Rd5 Bh4 18. Qxh4 exd5 19. Nxd5+ Kb8 20. a3 Qa4 21.
Nc3 Qa5 22. Qf2 Qc7 23. Bb6 Qc8 24. Nd5 Rdg8 25. Bc7+ Qxc7 26. Nxc7 Kxc7 27. Bc4
Rxg1+ 28. Qxg1 Re8 29. Bd3 Re7 30. Qg5 Re6 31. Qg7 Rg6 32. Qxh7 Rg2 33. h4 Nd4
34. Qxf7 Nf3 35. b3 Nxh4 36. e5 1-0

[Event "35th Zalakaros Open 2016"]
[Site "Zalakaros HUN"]
[Date "2016.05.29"]
[Round "3.45"]
[White "Hnydiuk, Aleksander"]
[Black "Paszewski, Mateusz"]
[Result "1/2-1/2"]
[WhiteTitle "IM"]
[WhiteElo "2381"]
[BlackElo "2218"]
[WhiteFideId "1109057"]
[BlackFideId "1141058"]
[EventDate "2016.05.27"]

1. d4 d5 2. c4 c6 3. cxd5 cxd5 4. Bf4 Nf6 5. Nc3 Nc6 6. e3 Bf5 7. Qb3 Na5 8.
Qa4+ Bd7 9. Qc2 Rc8 10. Bd3 e6 11. Nf3 Be7 12. h3 b5 13. a3 Qb6 14. Ne5 a6 15.
O-O Bc6 16. Bg5 Nc4 17. a4 Nxe5 18. dxe5 Nd7 19. Bxe7 Kxe7 20. axb5 Bxb5 21.
Bxb5 axb5 22. Qe2 b4 23. Nb5 Nxe5 24. Qh5 f6 25. Ra7+ Nd7 26. Rxd7+ Kxd7 27.
Qf7+ Kd8 28. Qxg7 Re8 29. Qxf6+ Kd7 30. Nd4 Rc7 31. Ra1 Rb7 32. Qf7+ Re7 33. Qg8
Ra7 34. Rc1 Rc7 35. Ra1 Ra7 36. Rc1 1/2-1/2

[Event "35th Zalakaros Open 2016"]
[Site "Zalakaros HUN"]
[Date "2016.05.29"]
[Round "3.46"]
[White "Paschall, William M."]
[Black "Dankhazi, Andras"]
[Result "1/2-1/2"]
[WhiteTitle "IM"]
[BlackTitle "FM"]
[WhiteElo "2377"]
[BlackElo "2267"]
[WhiteFideId "2005379"]
[BlackFideId "714267"]
[EventDate "2016.05.27"]

1. c4 c5 2. g3 g6 3. Bg2 Bg7 4. Nc3 Nc6 5. Nf3 d6 6. O-O Bf5 7. d3 Qd7 8. e3 Nf6
9. d4 O-O 10. b3 Ne4 11. Bb2 Nxc3 12. Bxc3 Be4 13. Qd2 cxd4 14. Nxd4 1/2-1/2

[Event "35th Zalakaros Open 2016"]
[Site "Zalakaros HUN"]
[Date "2016.05.29"]
[Round "3.47"]
[White "Kozak, Adam"]
[Black "Laza, Szabolcs"]
[Result "1/2-1/2"]
[WhiteTitle "FM"]
[WhiteElo "2347"]
[BlackElo "2168"]
[WhiteFideId "753246"]
[BlackFideId "741345"]
[EventDate "2016.05.27"]

1. d4 d5 2. c4 c6 3. Nc3 Nf6 4. e3 e6 5. Nf3 Nbd7 6. Qc2 Bd6 7. b3 b6 8. Bd3 Bb7
9. O-O O-O 10. Bb2 Rc8 11. Rad1 h6 12. Qe2 c5 13. cxd5 exd5 14. Bf5 Qe7 15. Rc1
Rfe8 16. Rfd1 Rcd8 17. g3 a6 18. Bh3 Ne4 19. Bg2 Ndf6 20. dxc5 bxc5 21. Nxe4
Nxe4 22. Nd2 Nf6 23. Qd3 Ng4 24. Qf5 Bc8 25. Qd3 Bb7 26. Nf3 Qe6 27. Qc2 Nf6 28.
Ba1 Bf8 29. Re1 Ne4 30. Nd2 Nf6 31. Bc3 Ng4 32. Nf3 Ba8 33. Qb2 Nf6 34. Bxf6
Qxf6 35. Qxf6 gxf6 36. Nh4 a5 37. Red1 Re6 38. Bf3 a4 39. Ng2 axb3 40. axb3 Rb6
41. Rd3 Rdb8 42. Bd1 Rb4 43. Nf4 d4 44. exd4 Rxd4 45. Rdc3 Be4 46. Bc2 f5 47.
Nd3 Rc8 48. Nxc5 Rxc5 49. Rxc5 Bxc5 50. Bxe4 fxe4 51. Rxc5 e3 52. fxe3 Rd3 53.
b4 Rxe3 54. Kf1 Rb3 55. b5 Rb2 56. h4 Kg7 57. Ke1 Kg6 58. Kd1 Rg2 59. b6 Rxg3
60. Rb5 Rd3+ 61. Ke2 Rd8 62. b7 Rb8 63. Kf3 Kf6 64. Kg4 Ke6 65. Kh5 f5 66. Kxh6
f4 67. Kg6 f3 68. Rb2 Rg8+ 69. Kh7 Rb8 70. Kg6 Rg8+ 71. Kh7 Rb8 72. h5 Kf5 73.
Kg7 Kg5 74. h6 f2 75. Rb5+ Kg4 76. Rb1 1/2-1/2

[Event "35th Zalakaros Open 2016"]
[Site "Zalakaros HUN"]
[Date "2016.05.29"]
[Round "3.48"]
[White "Thakur, Akash"]
[Black "Nemec, Vjekoslav"]
[Result "1/2-1/2"]
[WhiteTitle "FM"]
[WhiteElo "2345"]
[BlackElo "2175"]
[WhiteFideId "5008514"]
[BlackFideId "14540274"]
[EventDate "2016.05.27"]

1. e4 g6 2. d4 Bg7 3. Nf3 d6 4. Nc3 a6 5. a4 b6 6. Bc4 e6 7. O-O Ne7 8. Be3 Nd7
9. Qd2 h6 10. h3 Bb7 11. Rfe1 Nf6 12. Bf4 g5 13. Bh2 Ng6 14. Rad1 Nh5 15. Qe3
O-O 16. b3 Qe7 17. Ne2 Rad8 18. e5 Bh8 19. Bd3 f5 20. exf6 Qxf6 21. Nd2 Rde8 22.
Be4 Bc8 23. Bc6 Rd8 24. c4 Ne7 25. Be4 Nf5 26. Qf3 Nhg7 27. Nf1 Nh4 28. Qxf6
Rxf6 29. Ne3 h5 30. Rf1 Rdf8 31. f4 gxf4 32. Rxf4 Rxf4 33. Nxf4 Ngf5 34. Nc2 Ng7
35. g3 Nhf5 36. Ng6 Rf6 37. Nxh8 Kxh8 38. Kg2 Nh6 39. Rf1 Rxf1 40. Kxf1 Ngf5 41.
Bf3 Ng7 42. Kg2 Nhf5 43. Bg1 Bd7 44. Bf2 Kg8 45. Be1 a5 46. Bc3 Kf7 47. Kf2 Ne7
48. Ne3 Ng6 49. c5 d5 50. Ng2 Kf6 51. cxb6 cxb6 52. Bd2 Be8 53. Nf4 Ne7 54. g4
hxg4 55. hxg4 Nc6 56. Be3 Ne7 57. Bd2 Nc6 58. Be3 Ne7 59. Be2 Nc8 60. Nd3 Bg6
61. Kg3 Ne8 62. Bf4 Ned6 63. Be5+ Kf7 64. Kf4 Ne4 65. Bc7 Ke7 66. Ne5 Be8 67.
Ba6 Ncd6 68. Bxb6 Nd2 69. Bxa5 Nxb3 70. Bb4 Bxa4 71. Ke3 Na1 72. Bd3 Be8 73. Kd2
Nb3+ 74. Kc3 Nc1 75. Bf1 Na2+ 76. Kb3 Nxb4 77. Kxb4 Kf6 78. Bd3 Nf7 79. Nxf7
Bxf7 80. Kc5 e5 81. g5+ Ke6 82. g6 1/2-1/2

[Event "35th Zalakaros Open 2016"]
[Site "Zalakaros HUN"]
[Date "2016.05.29"]
[Round "3.49"]
[White "Peczely, Sebastian Zsombor"]
[Black "Blazeka, Matej"]
[Result "0-1"]
[BlackTitle "FM"]
[WhiteElo "2255"]
[BlackElo "2341"]
[WhiteFideId "750964"]
[BlackFideId "14515741"]
[EventDate "2016.05.27"]

1. e4 e5 2. Nf3 Nc6 3. Bb5 a6 4. Ba4 Nf6 5. O-O Be7 6. Re1 b5 7. Bb3 d6 8. c3
O-O 9. h3 Na5 10. Bc2 c5 11. d4 Nd7 12. Nbd2 exd4 13. cxd4 Nc6 14. d5 Nce5 15.
a4 Bb7 16. Nxe5 Nxe5 17. f4 Ng6 18. Nf3 Bf6 19. axb5 axb5 20. Rxa8 Qxa8 21. e5
Be7 22. exd6 Bxd6 23. f5 Nf4 24. Bxf4 Bxf4 25. f6 g6 26. Re4 Bh6 27. Re5 Qd8 28.
Qd3 Qxf6 29. Qxb5 Bf4 30. Re8 Rxe8 31. Qxe8+ Kg7 32. Qe4 Bg3 33. Qg4 Bf4 34. Be4
h5 35. Qd7 Qxb2 36. Bxg6 Qc1+ 37. Kf2 Qe3+ 38. Kf1 Ba6+ 0-1

[Event "35th Zalakaros Open 2016"]
[Site "Zalakaros HUN"]
[Date "2016.05.29"]
[Round "3.50"]
[White "Hardicsay, Peter"]
[Black "Kantor, Gergely"]
[Result "0-1"]
[WhiteTitle "IM"]
[BlackTitle "IM"]
[WhiteElo "2245"]
[BlackElo "2424"]
[WhiteFideId "700622"]
[BlackFideId "751499"]
[EventDate "2016.05.27"]

1. d4 Nf6 2. c4 e6 3. Nc3 Bb4 4. Qc2 b6 5. e4 c5 6. Nf3 cxd4 7. Nxd4 Bb7 8. Bd3
Na6 9. Nb5 Bc5 10. a3 Ng4 11. Nd1 Nc7 12. Bg5 f6 13. Nxc7+ Qxc7 14. Bh4 Ne5 15.
Bg3 O-O 16. Nc3 f5 17. Nb5 Qb8 18. f3 f4 19. Bf2 Bxf2+ 20. Kxf2 a6 21. Nc3 Qd6
22. Rhd1 Qd4+ 23. Kf1 Nxc4 24. Bxc4 Qxc4+ 25. Qe2 Qc7 26. Rac1 Bc6 27. Kg1 Qe5
28. Qf2 b5 29. Rd2 Rfc8 30. Rcd1 a5 31. Rd4 g5 32. Qd2 Rcb8 33. b4 axb4 34. axb4
Ra3 35. Rd3 Rba8 36. h3 Rb3 37. Rd4 Ra7 38. Kh2 h5 39. Ne2 Rba3 40. Rc1 Ra2 41.
Rc2 Rxc2 42. Qxc2 g4 43. Rd1 g3+ 44. Kh1 Ra1 45. Rc1 Ra8 46. Qd2 Rf8 47. Rc5
Qa1+ 48. Ng1 Qf6 49. Rxh5 d5 50. exd5 Be8 0-1

[Event "35th Zalakaros Open 2016"]
[Site "Zalakaros HUN"]
[Date "2016.05.29"]
[Round "3.51"]
[White "Del Rey, Diego"]
[Black "Krstulovic, Alex"]
[Result "1/2-1/2"]
[WhiteTitle "IM"]
[BlackTitle "FM"]
[WhiteElo "2388"]
[BlackElo "2292"]
[WhiteFideId "102164"]
[BlackFideId "760056"]
[EventDate "2016.05.27"]

1. e4 c5 2. Nf3 d6 3. Bb5+ Nd7 4. d4 cxd4 5. Qxd4 a6 6. Bxd7+ Bxd7 7. c4 Nf6 8.
Nc3 g6 9. O-O Bg7 10. Qd3 O-O 11. Nd4 Rc8 12. a4 Qa5 13. Rd1 Rfe8 14. h3 Qb4 15.
b3 b5 16. axb5 axb5 17. Ncxb5 Bxb5 18. Nxb5 Nd7 19. Ra4 Qc5 20. Be3 Qh5 21. Qd5
Qe2 22. Qd2 Qh5 23. Ra7 Nc5 24. Bxc5 Qxc5 25. Qa2 Be5 26. Qa6 h5 27. Kf1 Rc6 28.
Qa4 Kf8 29. Rd5 Qb6 30. Rd2 Bf6 31. Qa5 Qb8 32. Ra2 Rcc8 33. Kg1 h4 34. Qd2 Kg7
35. Qd5 Qb6 36. Rb7 Qc5 37. Raa7 Red8 38. Qd2 Qe5 39. Qd3 d5 40. exd5 Rxd5 41.
Qf1 Rd2 42. Rd7 Rd8 43. Rxd8 Rxd8 44. Ra2 Qf4 45. Qe1 Rd3 46. Qb1 Rd7 47. Qe1
Be5 48. g3 hxg3 49. fxg3 Qf3 50. Re2 Bxg3 51. Qc3+ Qxc3 52. Nxc3 Rd3 53. Nb5
Rxb3 54. Rxe7 Rb4 55. Kg2 Bf4 56. Re4 g5 57. h4 Kg6 58. hxg5 Kxg5 59. Nd4 Bd6 1/2-1/2

[Event "35th Zalakaros Open 2016"]
[Site "Zalakaros HUN"]
[Date "2016.05.29"]
[Round "3.52"]
[White "Havasi, Gergo"]
[Black "Horvath, Dominik"]
[Result "1-0"]
[WhiteElo "2367"]
[BlackElo "2286"]
[WhiteFideId "760293"]
[BlackFideId "1642561"]
[EventDate "2016.05.27"]

1. e4 c5 2. Nf3 e6 3. d4 cxd4 4. Nxd4 Nc6 5. Nc3 Qc7 6. Be3 a6 7. Qd2 Nf6 8. f4
Bb4 9. Bd3 Na5 10. a3 Bxc3 11. Qxc3 Qxc3+ 12. bxc3 d5 13. e5 Ne4 14. Nb3 Nc4 15.
Bxc4 dxc4 16. Na5 Bd7 17. Bd4 Rc8 18. Rb1 Bc6 19. Nxc6 bxc6 20. Ke2 c5 21. Ke3
cxd4+ 22. Kxe4 dxc3 23. Rhd1 O-O 24. Rd6 Rb8 25. Rxb8 Rxb8 26. Kd4 g5 27. fxg5
Rb5 28. h4 Ra5 29. h5 Kg7 30. Rd8 h6 31. g6 fxg6 32. Rd7+ Kf8 33. hxg6 Rxa3 34.
Rd6 Ra1 35. Rxe6 Rg1 36. Rf6+ Kg7 37. Rf2 Re1 38. Kxc3 Rxe5 39. Kxc4 Kxg6 40.
Kd4 Re8 41. c4 Kg5 42. c5 h5 43. c6 Kg4 44. Kd5 Kg3 45. Rc2 a5 46. c7 h4 47. Kd6
Rf8 48. Kd7 Rf7+ 49. Kc6 Rf6+ 50. Kb7 Rf7 51. Kb8 Rf8+ 52. c8=Q Rxc8+ 53. Kxc8
a4 54. Kb7 a3 55. Kb6 1-0

[Event "35th Zalakaros Open 2016"]
[Site "Zalakaros HUN"]
[Date "2016.05.29"]
[Round "3.53"]
[White "Dolana, Andrei-Theodor"]
[Black "Damia, Angelo"]
[Result "1/2-1/2"]
[WhiteTitle "FM"]
[BlackTitle "FM"]
[WhiteElo "2354"]
[BlackElo "2254"]
[WhiteFideId "1219804"]
[BlackFideId "812668"]
[EventDate "2016.05.27"]

1. e4 Nf6 2. e5 Nd5 3. d4 d6 4. c4 Nb6 5. exd6 cxd6 6. Nc3 g6 7. Be3 Bg7 8. Rc1
O-O 9. b3 Nc6 10. d5 Ne5 11. Be2 h5 12. h3 e6 13. dxe6 Bxe6 14. Nf3 d5 15. cxd5
Nxd5 16. Nxd5 Qxd5 17. O-O Rfd8 18. Qxd5 Bxd5 19. Nd4 a6 20. Rfd1 Nc6 21. Nxc6
Bxc6 1/2-1/2

[Event "35th Zalakaros Open 2016"]
[Site "Zalakaros HUN"]
[Date "2016.05.29"]
[Round "3.54"]
[White "Marosi, Levente"]
[Black "Tirelli, Mauro"]
[Result "1/2-1/2"]
[WhiteTitle "FM"]
[WhiteElo "2318"]
[BlackElo "2217"]
[WhiteFideId "747181"]
[BlackFideId "845353"]
[EventDate "2016.05.27"]

1. e4 e6 2. d4 d5 3. Nc3 Bb4 4. e5 c5 5. a3 Bxc3+ 6. bxc3 Ne7 7. Qg4 Qc7 8. Qxg7
Rg8 9. Qxh7 cxd4 10. Ne2 Nbc6 11. f4 dxc3 12. Qd3 d4 13. Nxd4 Nxd4 14. Qxd4 Bd7
15. Rg1 Nf5 16. Qf2 Qc6 17. Bd3 Qd5 18. Be3 Nxe3 19. Qxe3 Rxg2 20. Rxg2 Qxg2 21.
Be4 Qxh2 22. O-O-O Bc6 23. Kb1 Bxe4 24. Qxe4 Qf2 25. Qxb7 Qb6+ 26. Qxb6 axb6 27.
Ka2 Ra4 28. Rd6 Rxf4 29. Rxb6 Kd7 30. Kb3 Re4 31. Rb7+ Kc6 32. Rxf7 Rxe5 33.
Kxc3 Kc5 34. Rc7+ Kb6 35. Rc4 Kb5 36. Rb4+ Kc5 37. Kd3 Rh5 38. Re4 e5 39. Re3
Rg5 40. c3 Kd5 41. c4+ Kd6 42. Kc3 Rg1 43. Kb4 Rb1+ 44. Rb3 Ra1 45. Kc3 Rc1+ 46.
Kd3 Rd1+ 47. Kc2 Ra1 48. Re3 Kc5 49. Kb2 Rh1 50. Kc3 Rc1+ 51. Kd3 Rd1+ 52. Kc2
Rd4 53. Rxe5+ Kxc4 54. Re3 Rh4 55. Rc3+ Kb5 56. Kb3 Rg4 57. Rf3 Rg5 58. a4+ 1/2-1/2

[Event "35th Zalakaros Open 2016"]
[Site "Zalakaros HUN"]
[Date "2016.05.29"]
[Round "3.55"]
[White "Goczo, Melinda"]
[Black "Gorcsi, Gabor"]
[Result "1-0"]
[WhiteTitle "WIM"]
[BlackTitle "FM"]
[WhiteElo "2175"]
[BlackElo "2304"]
[WhiteFideId "711985"]
[BlackFideId "763411"]
[EventDate "2016.05.27"]

1. d4 Nf6 2. c4 g6 3. Nf3 Bg7 4. g3 O-O 5. Bg2 d6 6. O-O Nbd7 7. Nc3 e5 8. Qc2
exd4 9. Nxd4 Nb6 10. Rd1 Qe7 11. e4 c6 12. b3 Rd8 13. a4 a5 14. h3 Nbd7 15. Be3
Nc5 16. Nde2 Re8 17. f3 Nfd7 18. Bf2 Nf8 19. f4 f5 20. Bxc5 dxc5 21. e5 Be6 22.
Nd5 cxd5 23. cxd5 Bc8 24. d6 Qd8 25. Qxc5 Ra6 26. Nd4 Qb6 27. Rac1 Qxc5 28. Rxc5
Rb6 29. Rc7 Kh8 30. Kh2 h6 31. Rdc1 Bd7 32. Bxb7 Rb4 33. R1c4 Rb6 34. Bd5 Kh7
35. Ra7 Be6 36. Bxe6 Nxe6 37. Nxe6 Rxe6 38. Rcc7 1-0

[Event "35th Zalakaros Open 2016"]
[Site "Zalakaros HUN"]
[Date "2016.05.30"]
[Round "4.1"]
[White "Aryan, Chopra"]
[Black "Vajda, Levente"]
[Result "1/2-1/2"]
[WhiteTitle "IM"]
[BlackTitle "GM"]
[WhiteElo "2459"]
[BlackElo "2581"]
[WhiteFideId "5084423"]
[BlackFideId "1203975"]
[EventDate "2016.05.27"]

1. e4 e5 2. Nf3 Nc6 3. Bb5 a6 4. Ba4 Nf6 5. O-O Be7 6. Re1 b5 7. Bb3 O-O 8. a4
b4 9. d3 d6 10. Nbd2 Rb8 11. h3 h6 12. Nc4 Be6 13. c3 bxc3 14. bxc3 Nd7 15. Ba2
Nc5 16. Ba3 Nb7 17. d4 exd4 18. Nxd4 Bd7 19. Ne3 Nba5 20. Nd5 Ne5 21. Qe2 c5 22.
Nf5 Bxf5 23. exf5 Bh4 24. g3 Bf6 25. f4 Nec6 26. Rab1 Rxb1 27. Rxb1 Re8 28. Qd3
Ne7 29. Nxf6+ gxf6 30. Rd1 Nec6 31. Bd5 Qe7 32. Kf2 Nb8 33. Bc1 Nd7 34. Bf3 Nb6
35. Qxd6 Nxa4 36. Qxe7 Rxe7 37. Rd6 Nb3 38. Rxa6 Nxc1 39. Rxa4 Nd3+ 40. Kg2 Ne1+
41. Kf2 Nd3+ 42. Kg2 Ne1+ 43. Kf2 Nd3+ 44. Kg2 1/2-1/2

[Event "35th Zalakaros Open 2016"]
[Site "Zalakaros HUN"]
[Date "2016.05.30"]
[Round "4.2"]
[White "Svane, Rasmus"]
[Black "Rakhmanov, Aleksandr"]
[Result "1/2-1/2"]
[WhiteTitle "IM"]
[BlackTitle "GM"]
[WhiteElo "2526"]
[BlackElo "2654"]
[WhiteFideId "4657101"]
[BlackFideId "4173708"]
[EventDate "2016.05.27"]

1. Nf3 d5 2. d4 e6 3. c4 a6 4. cxd5 exd5 5. Nc3 c6 6. e4 dxe4 7. Ng5 Be7 8. Bc4
Nh6 9. Ngxe4 Nf5 10. d5 Nd7 11. O-O Nb6 12. Bb3 O-O 13. Bf4 cxd5 14. Nxd5 Nxd5
15. Bxd5 Be6 16. Bxe6 fxe6 17. Qxd8 Rfxd8 18. Rfd1 Rac8 19. Rxd8+ Rxd8 20. Rc1
Nd4 21. Kf1 Nc6 22. Ke2 Kf7 23. Be3 1/2-1/2

[Event "35th Zalakaros Open 2016"]
[Site "Zalakaros HUN"]
[Date "2016.05.30"]
[Round "4.3"]
[White "Ivanisevic, Ivan"]
[Black "Horvath, Jozsef1"]
[Result "1-0"]
[WhiteTitle "GM"]
[BlackTitle "GM"]
[WhiteElo "2646"]
[BlackElo "2528"]
[WhiteFideId "912417"]
[BlackFideId "700061"]
[EventDate "2016.05.27"]

1. d4 d5 2. c4 e6 3. Nc3 Nf6 4. Bg5 Be7 5. e3 h6 6. Bh4 O-O 7. Rc1 b6 8. cxd5
exd5 9. Bd3 Bb7 10. f3 c5 11. Nge2 Nc6 12. Bf2 Re8 13. O-O Bf8 14. Kh1 g6 15.
dxc5 bxc5 16. Bh4 Bg7 17. Bb5 Rc8 18. Bxf6 Qxf6 19. Nf4 d4 20. Ne4 Qe7 21. Nxc5
dxe3 22. Nd5 Qe5 23. Nxb7 Qb8 24. Qa4 e2 25. Rfe1 Qxb7 26. Rxc6 1-0

[Event "35th Zalakaros Open 2016"]
[Site "Zalakaros HUN"]
[Date "2016.05.30"]
[Round "4.4"]
[White "Romanov, Evgeny"]
[Black "Harika, Dronavalli"]
[Result "1/2-1/2"]
[WhiteTitle "GM"]
[BlackTitle "GM"]
[WhiteElo "2641"]
[BlackElo "2514"]
[WhiteFideId "4148843"]
[BlackFideId "5015197"]
[EventDate "2016.05.27"]

1. d4 Nf6 2. Bg5 Ne4 3. Bf4 d5 4. e3 c5 5. Bd3 Nf6 6. Nc3 a6 7. dxc5 Nc6 8. Na4
Nd7 9. c4 Nxc5 10. cxd5 Qxd5 11. Nxc5 Qxc5 12. Nf3 e5 13. Bg3 Qb4+ 14. Nd2 Be6
15. Qc2 Qa5 16. O-O Nb4 17. Qc3 Rc8 18. Bc4 b5 19. a3 bxc4 20. axb4 Qb5 21. Qxe5
Qxe5 22. Bxe5 Bxb4 23. Rfd1 O-O 24. Rxa6 Rfd8 25. Bd4 c3 26. bxc3 Bxc3 27. Nf1
Bc4 28. Ra3 Be2 29. Rc1 Bxd4 30. Rxc8 Rxc8 31. exd4 Kf8 32. Ra2 Bb5 33. Rb2 Ba6
34. Rb1 Bd3 35. Rd1 Bxf1 36. Kxf1 Rc2 37. Re1 Rc4 38. Re4 f5 39. Rf4 Ke7 40. Ke2
Ra4 41. Kd3 g6 42. h4 Kd6 43. h5 Kd5 44. g4 Ra3+ 45. Ke2 fxg4 46. hxg6 Ra2+ 47.
Kf1 hxg6 48. Kg2 Rd2 49. Rxg4 Rxd4 50. Rxg6 Ke5 51. Kg3 Kf5 52. Ra6 Rg4+ 1/2-1/2

[Event "35th Zalakaros Open 2016"]
[Site "Zalakaros HUN"]
[Date "2016.05.30"]
[Round "4.5"]
[White "Berkes, Ferenc"]
[Black "Mihok, Oliver"]
[Result "1-0"]
[WhiteTitle "GM"]
[BlackTitle "GM"]
[WhiteElo "2636"]
[BlackElo "2498"]
[WhiteFideId "718572"]
[BlackFideId "728012"]
[EventDate "2016.05.27"]

1. d4 d5 2. Nf3 Nf6 3. Bf4 c5 4. e3 Nc6 5. Nbd2 cxd4 6. exd4 Qb6 7. Nb3 Bg4 8.
h3 Bh5 9. c3 e6 10. Bd3 Be7 11. Qe2 a5 12. Rb1 O-O 13. Nbd2 a4 14. O-O Rfc8 15.
Rfe1 Qd8 16. a3 Bg6 17. Bxg6 hxg6 18. h4 Nh7 19. g3 Ra6 20. Kg2 Na5 21. Ne5 Nc4
22. Ndxc4 dxc4 23. Qf3 Nf6 24. Qxb7 Qd5+ 25. Qxd5 Nxd5 26. Bc1 Rb6 27. Ra1 Rb5
28. Re2 Bd6 29. Nf3 Rcb8 30. Kf1 Kf8 31. Ne1 Rb3 32. Nc2 Ra8 33. Ke1 Ke8 34. Kd2
Kd7 35. Nb4 Bxb4 36. axb4 Kc6 37. Kc2 a3 38. Re1 Ra4 39. Re5 axb2 40. Bxb2 Rxa1
41. Bxa1 Ra3 42. Bb2 Ra8 43. Re1 Nc7 44. Rh1 Nd5 45. Rg1 Nf6 46. Re1 Nd5 47. Re5
Kd7 48. Rg5 Rh8 49. Bc1 Rh5 50. Re5 Kc6 51. Bd2 Rxe5 52. dxe5 Nc7 53. f3 Kd5 54.
Bf4 Nb5 55. g4 Na3+ 56. Kc1 Nb5 57. Kd2 Na3 58. Bg3 Nb1+ 59. Kc2 Na3+ 60. Kc1
Nb5 61. Kb2 Na7 62. Bf2 Nb5 63. Bc5 Kxe5 64. Bf8 Kf6 65. f4 e5 66. fxe5+ Kxe5
67. Bxg7+ Kf4 68. h5 gxh5 69. gxh5 Kg5 70. h6 Kg6 71. Kc2 f6 72. Kd2 Kf7 73. Ke3
Kg6 74. Ke4 Nxc3+ 75. Kd4 Nb5+ 76. Kxc4 Nc7 77. b5 Ne6 78. Kd5 Nd8 79. Bf8 f5
80. Bd6 Kxh6 81. Bc7 1-0

[Event "35th Zalakaros Open 2016"]
[Site "Zalakaros HUN"]
[Date "2016.05.30"]
[Round "4.6"]
[White "Horvath, Adam1"]
[Black "Onischuk, Vladimir"]
[Result "0-1"]
[WhiteTitle "GM"]
[BlackTitle "GM"]
[WhiteElo "2515"]
[BlackElo "2628"]
[WhiteFideId "708003"]
[BlackFideId "14114038"]
[EventDate "2016.05.27"]

1. e4 e6 2. d4 d5 3. Nc3 Bb4 4. e5 c5 5. a3 Bxc3+ 6. bxc3 Qa5 7. Bd2 Qa4 8. Qb1
c4 9. Ne2 Nc6 10. Ng3 Bd7 11. Nh5 g6 12. Ng3 O-O-O 13. Be2 f6 14. exf6 Nxf6 15.
O-O h6 16. Qb2 g5 17. Rab1 b6 18. Qc1 Ne7 19. Nh5 Nxh5 20. Bxh5 Rhg8 21. f3 Rdf8
22. Re1 Rg7 23. Bg4 Qc6 24. Re2 Qd6 25. Qe1 Rf6 26. a4 Ng6 27. a5 bxa5 28. Qc1
Nf4 29. Bxf4 gxf4 30. Qb2 Bc6 31. Bxe6+ Kd8 32. Rbe1 Re7 33. Bg4 Rxe2 34. Rxe2
a4 35. Kf2 h5 36. Bh3 h4 37. Re5 a3 38. Qb1 Kc7 39. Re1 a5 40. Qc1 Bd7 41. Bxd7
Kxd7 42. Re5 Kc6 43. Qe1 Kd7 44. Qb1 Kc6 45. Qe1 a2 46. Re8 Kb5 47. Ra8 Qc6 48.
Rb8+ Ka6 49. Qa1 h3 50. Qxa2 Rg6 51. Qa3 Qe6 52. Ra8+ Kb7 53. Ra7+ Kxa7 54.
Qxa5+ Kb7 55. Qb5+ Kc7 0-1

[Event "35th Zalakaros Open 2016"]
[Site "Zalakaros HUN"]
[Date "2016.05.30"]
[Round "4.7"]
[White "Banusz, Tamas"]
[Black "Andersen, Mads"]
[Result "1-0"]
[WhiteTitle "GM"]
[BlackTitle "GM"]
[WhiteElo "2621"]
[BlackElo "2505"]
[WhiteFideId "722413"]
[BlackFideId "1413864"]
[EventDate "2016.05.27"]

1. d4 d5 2. c4 c6 3. Nc3 Nf6 4. e3 e6 5. b3 Nbd7 6. Bb2 Bd6 7. Bd3 e5 8. cxd5
cxd5 9. dxe5 Nxe5 10. Bb5+ Bd7 11. Bxd7+ Qxd7 12. Nge2 Nc6 13. O-O O-O 14. Nd4
Rac8 15. Nxc6 bxc6 16. Ne2 Qe7 17. Ng3 Be5 18. Bxe5 Qxe5 19. Qd4 Qxd4 20. exd4
g6 21. Rac1 Rfe8 22. f3 Kf8 23. Rc2 Ke7 24. Ne2 Nd7 25. Rfc1 Kd6 26. Nf4 Rc7 27.
Nd3 Rec8 28. Nc5 Nxc5 29. Rxc5 Rb8 30. Kf2 Rb5 31. Ke3 Rxc5 32. Rxc5 Re7+ 33.
Kd2 Kc7 34. Rc3 Kb6 35. Re3 Rxe3 36. Kxe3 Kb5 37. a3 a5 38. Kd3 a4 39. Kc3 f5
40. f4 Ka5 41. bxa4 Kxa4 42. Kb2 1-0